000 01123nam a22002537a 4500
005 20170124103115.0
010 _aB-003729
020 _c150.00
035 _aB-003729
037 _bCen Lib/Ret
040 _aDPL
_bHN
082 _a531
_bपुरीकं
100 _aपुरी, कंचन
_980808
245 _aवनस्पति जगत की सैर /
_cकंचन पुरी
246 _aVanaspati jagat ki sair /
_bby Kanchan Puri
260 _aदिल्ली
_bसुरुचि साहित्य
_c2000
270 _a30 /36, विश्वास नगर, शाहदरा
_bदिल्ली
_e110032
300 _a144पृ. :
_c21सेमी (सजिल्द)
_bसचित्र
650 _aवनस्पति विज्ञान--पौधों का जीवन
_980809
650 _aजीवन की उत्पत्ति एवं विकास--पौधे
_980810
650 _aBotany--Pant life
_980811
650 _aOrigin and evolution of life--Plants
_980812
942 _2ddc
_cHN
_h531
_mपुरीकं
999 _c118550
_d118550